NLSUI OPAC header image

Parental rights vs. Child rights : the problem of cultural perspectives (Record no. 217130)

MARC details
000 -LEADER
fixed length control field 01579nam a2200145Ia 4500
005 - DATE AND TIME OF LATEST TRANSACTION
control field 20260209120133.0
008 - FIXED-LENGTH DATA ELEMENTS--GENERAL INFORMATION
fixed length control field 260209s9999||||xx |||||||||||||| ||und||
100 ## - MAIN ENTRY--PERSONAL NAME
Personal name Shilpi Roy Choudhury
245 #0 - TITLE STATEMENT
Title Parental rights vs. Child rights : the problem of cultural perspectives
260 ## - PUBLICATION, DISTRIBUTION, ETC.
Place of publication, distribution, etc. BangaloreBangalore
Name of publisher, distributor, etc. NLSIU
Date of publication, distribution, etc. 2014
300 ## - PHYSICAL DESCRIPTION
Extent 73 p. ; 25 cm.
505 ## - FORMATTED CONTENTS NOTE
Formatted contents note Table of Contents 1. RESEARCH METHODOLOGY ; Aims and objectives ; Statement of research problem ; Hypothesis ; Research questions; Scope and limitation ; Research Methodology ; Sources ; Mode of citation ; 2. INTRODUCTION ; 3. THE NOTION OF CHILDHOOD AND CHILD PARENT RELATIONSHIP; Childhood as viewed in history ; The modern child-parent relationship ; Do children have rights? ; Evolving capacities of the child ; Autonomy ; 4. INTERNATIONAL SOURCES OF LAW ; 5. ANALYSING AND DEFINING THE EVOLVING CAPACITY AND AUTONOMY OF THE CHILD: AN OVERVIEW OF INTERNATIONAL LEGAL; FRAMEWORK ; United Nations Convention for the Rights of the Child 1989 ; Article 5 ; Article 12 ; Article 5 and 12: correlation and conflict; 6. CHALLENGES ; Child Rights Committee ; Determining the capacity of the child ; Balancing the rights of parents and children ; Reservations to the UNCRC ; 7. THE WAY FORWARD ; The pluralism principle ; Child participation in India ; 8. CONCLUSION ; 9. BIBLIOGRAPHY ; Books ; International documents ; Cases ; Articles and Journals ; Web Sources.
700 ## - ADDED ENTRY--PERSONAL NAME
Personal name Prof. (Dr.) Sarasu Esther Thomas - GuideProf. (Dr.) Sarasu Esther Thomas - Guide
856 ## - ELECTRONIC LOCATION AND ACCESS
Uniform Resource Identifier <a href="https://dans.nls.ac.in/handle/123456789/1748">https://dans.nls.ac.in/handle/123456789/1748</a>
Holdings
Withdrawn status Lost status Damaged status Not for loan Home library Current library Date acquired Total Checkouts Barcode Date last seen Price effective from Koha item type
        . . 09.02.2026   LLM495 09.02.2026 09.02.2026 Dissertation